000 00363nam a2200145Ia 4500
008 230917s9999||||xx |||||||||||||| ||und||
040 _e22155
_aMAIN
041 _aEnglish
082 _a510 Ow2F
100 _aOwen, George E
245 0 _aFundamentals of scientific mathematics
260 _aCalcutta
_bOxford & IBH
_c1968
300 _ax, 274 p.
942 _cOB
999 _c233085
_d233085